| 000 | 00357nam a22001577a 4500 | ||
|---|---|---|---|
| 003 | OSt | ||
| 005 | 20211213095315.0 | ||
| 008 | 211213b |||||||| |||| 00| 0 eng d | ||
| 020 | _a8171694306 | ||
| 040 | _cHU | ||
| 100 |
_aUTTAM KUMAR SINGH _922696 |
||
| 245 | _aMODERN EDUCATION | ||
| 260 |
_aDELHI _bHALL _c2009 |
||
| 300 | _a352 | ||
| 942 |
_2ddc _cBOOKS _n0 |
||
| 999 |
_c22366 _d22366 |
||